| 000 | 01168nam a2200241Ia 4500 | ||
|---|---|---|---|
| 999 |
_c38598 _d38598 |
||
| 001 | 4715 | ||
| 003 | GE_BSU | ||
| 005 | 20190723172728.0 | ||
| 008 | 181216s2011||||ge |||||||||||||| ||geo|| | ||
| 020 | _a9789941019982 | ||
| 040 | _cGE_BSU | ||
| 041 | _ageo | ||
| 080 | _a371.15 ი–53 | ||
| 100 |
_aინასარიძე, მაია _93296 |
||
| 245 |
_aმასწავლებლის ეთიკის სახელმძღვანელო : _bსიტუაციები სასკოლო ცხოვრებიდან / _cმაია ინასარიძე, სოფიკო ლობჟანიძე, შორენა მამუკაძე |
||
| 264 |
_aთბილისი : _bმასწ. პროფ. განვ. ეროვნული ცენტრი ; _c2011. |
||
| 300 |
_a104 გვ. ; _c20 სმ. |
||
| 541 | _h7 ლ. 50 თ. | ||
| 653 | _aმასწავლებლის ეთიკა | ||
| 700 |
_aლობჟანიძე, სოფიკო _eავტორი _92574 |
||
| 700 |
_a მამუკაძე, შორენა _eავტორი _93297 |
||
| 942 |
_cBK _2udc |
||